Juegos de interacción para adolescentes, jóvenes y adultos : motivación, confianza, sinceridad /

Colección sobre dinámicas de grupo, formada por doce tomos, que son precedidos por un volumen 0 titulado Manual para el animador de grupos. La colección está dividida en tres series: para adolescentes y jóvenes (tomos 1-4); para adolescentes, jóvenes y adultos (tomos 5-8) y para niños y preadolescen...

Descripció completa

Guardat en:
Dades bibliogràfiques
Autor principal: Vopel, Klaus W. (autor)
Format: Llibre
Idioma:espanyol
Publicat: Madrid, España : CCS, 1997, c1997
Col·lecció:(Animación de Grupos ; 7)
Matèries:
Etiquetes: Afegir etiqueta
Sense etiquetes, Sigues el primer a etiquetar aquest registre!

MARC

LEADER 00000nam^a2200000^a^4500
001 000146463
005 20250521000000.0
009 20260310095911.729
020 |a 84-8316-002-1 
037 |a Acervo ITESO - Biblioteca 
041 |a ESP 
082 |a 302. 34  |b VOP V. 7 
100 |a Vopel, Klaus W.  |e (autor) 
240 1 1 |a [Juegos de interacción] 
240 1 1 |a [Juegos de interacción para adolescentes, jóvenes y adultos] 
245 1 0 |a Juegos de interacción para adolescentes, jóvenes y adultos :  |b motivación, confianza, sinceridad /  |c K.W. Volpel ; presen. de Renate Volpel, K. Volpel ; tr. de la adaptación italiana por Jesús Carilla. 
264 4 |a Madrid, España :  |b CCS,  |c 1997, c1997 
300 |a 183 p. 
336 |a texto  |b txt  |2 rdacontenido 
337 |a sin mediación  |b n  |2 rdamedio 
338 |a volumen  |b nc  |2 rdasoporte 
440 1 |a (Animación de Grupos ;  |v 7) 
500 |a Traducción de: Giochi interattivi, adaptación de Interaktionsspielle für Judendliche 
520 |a Colección sobre dinámicas de grupo, formada por doce tomos, que son precedidos por un volumen 0 titulado Manual para el animador de grupos. La colección está dividida en tres series: para adolescentes y jóvenes (tomos 1-4); para adolescentes, jóvenes y adultos (tomos 5-8) y para niños y preadolescentes (tomos 9-12). Los juegos y ejercicios grupales propuestos no están restringidos a los ámbitos de la educación y la terapia, si bien pueden ser recursos de apoyo en las prácticas de ambas esferas. Dirigido a adolescentes, jóvenes y adultos, el séptimo tomo está formado por ejercicios que propician el desarrollo de la confianza en sí mismo. 
649 |a XX 
650 |a Adolescentes 
650 |a Jóvenes 
650 |a Adultos 
650 |a Juegos -  |x Tema Principal 
650 |a Conducta Grupal 
650 |a Dinámica de Grupos 
650 |a Comunicación Grupal y Comunitaria 
650 |a Grupos Sociales 
650 |a Comunicación Personal 
650 |a Motivación Laboral 
650 |a Motivación 
650 |a Confianza 
650 |a Educación y Promoción Popular 
650 |a Interacción en la Educación 
650 |a Proceso Educativo 
650 |a Educación 
650 |a Psicoterapia Grupal 
650 |a Psicoterapia 
650 |a Psicología Clínica 
650 |a Psicología Social 
650 |a Sociología 
910 |a Fondo General 
920 |a Impresos - Libros 
930 |a Colección General 
905 |a 101 
901 |a 0500076024  |b IT1  |c ACC  |u 20250521 
902 |a https://opac.biblio.iteso.mx/vufind/Record/000146463